LEADER 01337nam a2200301 a 4500 001 000000160169 003 CaOOAMICUS 005 20170411133021.0 008 170411s2016 xxud 000 u eng r 020 $a978-08091-4995-7* 032 $aLibriCat 040 $aPUL$bita 082 14$a254 100 1 $aCastrilli, Michael J.$0(OLS)http://pul/name/102443 245 10$aParish Finance: $bBest Practices in Church Management /$cMichael J. Castrilli, Charles E. Zech ; foreword by Cardinal Donald Wuerl. 260 $aMahwah, New Jersey :$bPaulist Press,$c©. 300 $a154 p. :$bgraf. ;$c26 cm. 650 4$aParrocchie$xAmministrazione.$0(OLS)http://pul/subject/35291 700 1 $aZech, Charles E.$0(OLS)http://pul/name/102444 700 1 $aWuerl, Donald William,$ccard., O.P.,$d1940-$0(OLS)http://pul/name/98930 850 $aPUL 852 $aPUL$W1$xSL Religione 3$y85$m254 CASMI 1$j183769$qDDC 21$B186977$CPULBib$Z2$F186977 $H129442 $82 941 1 $a9 996 $6020$a978-08091-4995-7*$9(OLS)http://pul/number/162481 996 $6082$a254$9(OLS)http://pul/classification/2953 996 $6245$aParish Finance: $bBest Practices in Church Management$9(OLS)http://pul/title/199820 996 $6260$aMahwah, New Jersey :$bPaulist Press$9(OLS)http://pul/publisher/67398 LEADER 01834nam a2200373 u 4500 001 000000042827 003 CaOOAMICUS 005 20150717141342.0 008 990309s1991 it u000 u ita u 020 $a8870981207 035 $a10816844 040 $aPUL(R)$bita 245 02$aI vescovi d'Europa e la nuova evangelizzazione /$cprefazione di Carlo Maria card. Martini ... ; introduzione di Hervé Legrand .. 260 $aCasale Monferrato :$bEd. Piemme,$c1991. 300 $a422 p.$c21 cm 500 $aIn testa al front.: Consiglio delle conferenze episcopali d'Europa. 504 $aBibliografia in nota. 650 4$aEvangelizzazione.$0(OLS)http://pul/subject/1355 700 1 $aMartini, Carlo Maria,$ccardinale, arcivescovo di Milano,$d1927-2012.$0(OLS)http://pul/name/6653 700 1 $aLegrand, Hervé,$cO.P.$0(OLS)http://pul/name/26499 710 2 $aConsilium conferentiarum episcoporum Europae.$0(OLS)http://pul/name/95018 850 $aPUL 852 $aPUL$W1$xDP1 Cons. Gen., Altre Classi 1$y22$m44 E 67$j57789$nBK-PRI$b $qStampati$B57789$CPULBib$Z2$F57789 $H $81 852 $aPUL$W1$xDP1 Fondo S. Lanza$y121$m3 K 10$j167574$qFondi$B168148$CPULBib$Z2$F168148 $HLAN2420 $82 910 $aConsiglio delle conferenze episcopali d'Europa$995018 910 $aConseil des conférences épiscopales européennes (CCEE)$995018 910 $aCCEE (Consilium conferentiarum episcoporum Europae)$995018 941 1 $a8 941 1 $a1 961 $aINV: 68668 961 $aNota ms. di possesso: Sergio Lanza 996 $6020$a8870981207$9(OLS)http://pul/number/53414 996 $6245$aI vescovi d'Europa e la nuova evangelizzazione$9(OLS)http://pul/title/57773 996 $6260$aCasale Monferrato :$bEd. Piemme$9(OLS)http://pul/publisher/60529